Central Library OPAC University of Rajshahi

The ministry of fear : (Record no. 21108)

MARC details
000 -LEADER
fixed length control field 00959cam a2200289 a 4500
001 - CONTROL NUMBER
control field 21108
003 - CONTROL NUMBER IDENTIFIER
rucl marc code BD-RjUL
005 - DATE AND TIME OF LATEST TRANSACTION
control field 20211209000641.0
008 - FIXED-LENGTH DATA ELEMENTS--GENERAL INFORMATION
fixed length control field 140303r19531943nyu b 000 1 eng d
035 ## - SYSTEM CONTROL NUMBER
System control number (OCoLC)ocm57236000
-- (BD-RjUL)21172
System control number (NNC)5412003
040 ## - CATALOGING SOURCE
Original cataloging agency DLC
Transcribing agency DLC
Modifying agency BAKER
-- BD-RjUL
Language of cataloging eng
041 ## - LANGUAGE CODE
Language code of text/sound track or separate title eng
082 00 - DEWEY DECIMAL CLASSIFICATION NUMBER
Classification number 823.912
Author mark and year GRM 1953
100 1# - MAIN ENTRY--PERSONAL NAME
Personal name Greene, Graham,
Dates associated with a name 1904-
9 (RLIN) 65231
245 14 - TITLE STATEMENT
Title The ministry of fear :
Remainder of title an entertainment /
Statement of responsibility, etc. Graham Greene
260 ## - PUBLICATION, DISTRIBUTION, ETC. (IMPRINT)
Place of publication, distribution, etc. New York ;
-- London :
Name of publisher, distributor, etc. William Heinemann Ltd.,
Date of publication, distribution, etc. 1943 [Reprinted 1953].
300 ## - PHYSICAL DESCRIPTION
Pagination 268 p. :
Size 20 cm.
504 ## - BIBLIOGRAPHY, ETC. NOTE
Bibliography, etc Includes bibliographical references (p. [xiii]-xiv).
650 #0 - SUBJECT ADDED ENTRY--TOPICAL TERM
Topical term or geographic name as entry element World War, 1939-1945
Form subdivision England
-- Fiction.
9 (RLIN) 65233
651 #0 - SUBJECT ADDED ENTRY--GEOGRAPHIC NAME
Geographic name London (England)
Form subdivision Fiction.
9 (RLIN) 61190
942 ## - ADDED ENTRY ELEMENTS (KOHA)
Source of classification or shelving scheme Dewey Decimal Classification
Koha item type Books
Holdings
Lost status Source of classification or shelving scheme Damaged status Not for loan Collection code Permanent Location Current Location Shelving location Date acquired Source of acquisition Cost, normal purchase price Total Checkouts Full call number Date last seen Copy number Koha item type
  Dewey Decimal Classification   Added to bundle Fiction Central Library, University of Rajshahi Central Library, University of Rajshahi Reading Room 16/11/1957 O.U.P. 6.00   823.912 GRM 1953 03/03/2014 C-1 Books